000 00736nam a2200241 a 4500
001 000019978
005 20200929170220.0
008 100709s1965 sp 001 e spa d
040 _aDO-SdBNP
_bspa
_cBNPHU
082 _a854.1
_bP778v, 1965
100 1 _aPolo, Marco,
_b1254-1324
_931989
245 1 0 _aViajes /
_cMarco Polo.
250 _a4a ed.
260 _aMadrid :
_bEspasa-Calpe,
_c1965.
300 _a223, [8] p. ;
_c18 cm.
490 1 _aAustral. Negra: viajes y reportajes
_v1052
650 4 _aEnsayos italianos
_910585
650 4 _aLiteratura italiana
_ySIGLO XIII
_942583
650 4 _aViajes alrededor del mundo
_942584
830 0 _aAustral.
_pNegra: viajes y reportajes ;
_v1052
_941665
910 _aWM
049 _aBNGR
999 _c19490
_d19490